Loading...
| Science - Chemistry | 0 | 2 | 1 | 0 | 15 | 90 | 102.50 | 0 | 2 | 4.97 | 14.29 |
| Literature - Long Fiction | 1 | 0 | 0 | 0 | 15 | 67 | 67.00 | 0 | 1 | 4.84 | 7.14 |
| Science - Biology | 0 | 1 | 0 | 1 | 10 | 145 | 145.00 | 0 | 1 | 0.07 | 4.29 |
| Fine Arts - Classical Music | 0 | 1 | 0 | 1 | 10 | 140 | 140.00 | 0 | 0 | 0.07 | 1.43 |
| Current Events | 0 | 1 | 0 | 0 | 10 | 81 | 81.00 | 0 | 0 | 5.45 | 4.08 |
| Science - Physics | 0 | 1 | 0 | 0 | 10 | 109 | 109.00 | 0 | 1 | 1.80 | 7.14 |
| Fine Arts - Other | 0 | 1 | 0 | 1 | 10 | 139 | 139.00 | 0 | 0 | 0.05 | 0.95 |
| Other Academic | 0 | 0 | 0 | 0 | 0 | 0.00 | 0 | 0 | 0.00 | 0.00 | |
| Mythology | 0 | 0 | 0 | 0 | 0 | 0.00 | 0 | 0 | 0.00 | 0.00 | |
| Science - Other | 0 | 0 | 0 | 0 | 0 | 0.00 | 0 | 0 | 0.00 | 0.00 | |
| Fine Arts - Painting and Sculpture | 0 | 0 | 1 | 0 | -5 | 0.00 | 0 | 0 | 0.00 | 0.00 | |
| Social Science | 0 | 0 | 1 | 0 | -5 | 0.00 | 0 | 0 | 0.00 | 0.00 |